| 000 | 00905nam0a22002771 4500 | ||
|---|---|---|---|
| 001 | RU\INFOCOMM_318\NLR\5000070724 | ||
| 005 | 20250613102420.0 | ||
| 035 | _a(NLR Aleph) 009442919 | ||
| 090 |
_a8356267 _c8356267 |
||
| 100 | _a20121126d1976 |||y0rusy50 ca | ||
| 101 | 0 |
_aeng _drus |
|
| 102 | _aRU | ||
| 105 | _ay z ||||| | ||
| 200 | 1 |
_aElectrical conductivity in the Hubbard model including electron-phonon interaction _fD. Ihle |
|
| 210 |
_aДубна _d1976 |
||
| 215 |
_a22 с. _cграф. _d22 см |
||
| 225 | 1 |
_a[Издания] _fОбъедин. ин-т ядерных исследований _vE17-10319 |
|
| 300 | _aРез. на рус. яз. | ||
| 300 | _aВ вып. дан. год изд.: 1977 | ||
| 320 | _aБиблиогр.: с. 21-22 | ||
| 700 | 1 |
_aIhle _bD. |
|
| 801 | 1 |
_aRU _bNLR _c20121126 |
|
| 801 | 0 |
_aRU _bINFOCOMM _gPSBO |
|
| 852 |
_aNLR _jП11/2061 |
||
| 942 | _cBOOK | ||
| 980 | _aNB | ||